00436nam a2200169Ia 4500003000400000005001700004008004100021040000700062041000800069082002100077100003700098245002500135260004600160365001300206650003100219650001600250OSt20230509151339.0210423s2001 xx 000 0 und d cAL aeng a361.3 223bDEVS aDEVI (RAMESHWARI);PRAKASH (Ravi) aSocial work practice aNew DelhibMangal Deep Publicationsc2001 b595cINR aSocial Problems & Services aSocial Work